000 00489nam a2200157Ia 4500
005 20250429172000.0
008 231217s9999 xx 000 0 und d
020 _a9781572315600
082 _a001.6424ECOM KOS;1
100 _aKosiur, David.
245 0 _aUnderstanding electronic commerce : how online transcations can grow your business
260 _c1997
_bMicrosoft Press
_aUSA
300 _ax+287
650 _aUnderstanding,commerce,transcations,can,grow,business
942 _cAA
999 _c182755
_d182755